[Event "Malopolska-ch"]
[Site "Krakow"]
[Date "2025.06.22"]
[Round "7"]
[White "Kasperek, Ryszard"]
[Black "Torzhkov, Andrey"]
[Result "0-1"]
[WhiteElo "2100"]
[BlackElo "1997"]
[PlyCount "64"]
[EventDate "2025.06.19"]
[EventType "swiss"]
[EventRounds "7"]
[EventCountry "POL"]
[SourceTitle "CB26_2025"]
[SourceDate "2025.06.25"]
[SourceVersion "1"]
[SourceVersionDate "2025.06.25"]
[SourceQuality "1"]

1. e4 c5 2. Nf3 e6 3. d4 cxd4 4. Nxd4 a6 5. Nc3 Qc7 6. Be2 b5 7. 0-0 Bb7 8. Re1 Nc6 9. Nxc6 dxc6 10. Bd3 Bd6 11. Qh5 Nf6 12. Qh3 c5 13. a3 c4 14. Bf1 Rd8 15. Qh4 Be5 16. g3 h6 17. Bg2 Ke7 18. f4 Bd4+ 19. Kh1 g5 20. Qh3 h5 21. Nd1 h4 22. e5 g4 23. exf6+ Kd7 24. Qxg4 Rdg8 25. Qe2 hxg3 26. Be3 Rxh2+ 27. Kg1 Rxg2+ 28. Qxg2 Bxg2 29. Bxd4 Bb7 30. Nc3 Qxf4 31. Rad1 Qf3 32. Bb6+ Kc8 0-1

[Event "Malopolska-ch"]
[Site "Krakow"]
[Date "2025.06.21"]
[Round "6"]
[White "Torzhkov, Andrey"]
[Black "Sowa, Roch"]
[Result "1-0"]
[WhiteElo "1997"]
[BlackElo "1956"]
[PlyCount "147"]
[EventDate "2025.06.19"]
[EventType "swiss"]
[EventRounds "7"]
[EventCountry "POL"]
[SourceTitle "CB26_2025"]
[SourceDate "2025.06.25"]
[SourceVersion "1"]
[SourceVersionDate "2025.06.25"]
[SourceQuality "1"]

1. d4 Nf6 2. c4 g6 3. Nf3 Bg7 4. Nc3 0-0 5. e4 d6 6. Be2 Nbd7 7. 0-0 e5 8. Be3 Re8 9. Qc2 c6 10. Rad1 Qe7 11. d5 c5 12. Ne1 h6 13. g4 Nh7 14. Kh1 Bf6 15. Rg1 Bg5 16. Qd2 Bxe3 17. Qxe3 Kg7 18. a3 Ndf8 19. b4 b6 20. bxc5 bxc5 21. Rb1 g5 22. Bd1 Bd7 23. Ba4 Bxa4 24. Nxa4 Rab8 25. Ng2 Qd7 26. Nc3 Rxb1 27. Rxb1 Qxg4 28. Rb7 Ng6 29. f3 Qh3 30. Nb5 Nf4 31. Qf2 Rd8 32. Ne3 Nf6 33. Nf5+ Kg8 34. Nbxd6 Rxd6 35. Nxd6 g4 36. Rb8+ Kh7 37. Rb1 gxf3 38. Qg3 Ng4 39. Qxh3 Nxh3 40. Rf1 Ngf2+ 41. Rxf2 Nxf2+ 42. Kg1 Nh3+ 43. Kf1 Kg6 44. Nb7 Kf6 45. Nxc5 Ke7 46. Nd3 Ng5 47. Nf2 Kd6 48. h4 Nh7 49. Nd3 Nf6 50. c5+ Kc7 51. Nxe5 Nxe4 52. d6+ Kc8 53. d7+ Kc7 54. c6 Nc5 55. Nxf7 Ne6 56. h5 a5 57. Kf2 a4 58. Ke3 Kxc6 59. d8Q Nxd8 60. Nxd8+ Kc5 61. Kxf3 Kc4 62. Nb7 Kb3 63. Nc5+ Kxa3 64. Kf4 Kb4 65. Nxa4 Kc4 66. Kf5 Kd5 67. Kg6 Ke6 68. Kxh6 Kf6 69. Nc5 Kf7 70. Kh7 Kf8 71. h6 Kf7 72. Nd7 Ke7 73. Kg7 Kxd7 74. h7 1-0